Mecanismos de control público y argumentaciones de responsabilidad (Registro nro. 573)

Detalles MARC
000 -LEADER
fixed length control field 00998 a2200217 4500
001 - CONTROL NUMBER
control field 14105
005 - DATE AND TIME OF LATEST TRANSACTION
control field 20260407155446.0
008 - FIXED-LENGTH DATA ELEMENTS--GENERAL INFORMATION
fixed length control field 260407a2003 arg spa d
003 - CONTROL NUMBER IDENTIFIER
control field AR-UNSa-BCEJYS
040 ## - CATALOGING SOURCE
Original cataloging agency AR-UNSa-BCEJYS
Language of cataloging spa
Transcribing agency AR-UNSa-BCEJYS
080 ## - UNIVERSAL DECIMAL CLASSIFICATION NUMBER
Universal Decimal Classification number 35.086
Common auxiliary subdivision Responsabilidad de los funcionarios
020 ## - INTERNATIONAL STANDARD BOOK NUMBER
International Standard Book Number 950-569-185-8
100 1# - MAIN ENTRY--PERSONAL NAME
Personal name Ivanega, Miriam Mabel
245 10 - TITLE STATEMENT
Title Mecanismos de control público y argumentaciones de responsabilidad
264 #1 - PRODUCTION, PUBLICATION, DISTRIBUTION, MANUFACTURE, AND COPYRIGHT NOTICE
Place of production, publication, distribution, manufacture Buenos Aires :
Name of producer, publisher, distributor, manufacturer Abaco
Date of production, publication, distribution, manufacture, or copyright notice 2003
300 ## - PHYSICAL DESCRIPTION
Extent 431 p.
Dimensions 23 cm.
505 ## - FORMATTED CONTENTS NOTE
Formatted contents note 1. Esquema de la administración financiera - 2. El control público - 3. Los organismos de control - 4. Elementos vinculados con la responsabilidad de los funcionarios - 5. Responsabilidad patrimonial de los funcionarios públicos
590 ## - LOCAL NOTE (RLIN)
Local note niveau_biblio:m niveau_hierar:0
856 41 - ELECTRONIC LOCATION AND ACCESS
Uniform Resource Identifier <a href="https://biblioeco.unsa.edu.ar/pmb/images/libros/Mecanismo de Control Publico y Argumentaciones de Responsabilidad.jpg">https://biblioeco.unsa.edu.ar/pmb/images/libros/Mecanismo de Control Publico y Argumentaciones de Responsabilidad.jpg</a>
Link text Imagen de portada
Electronic format type image/jpeg
942 ## - ADDED ENTRY ELEMENTS (KOHA)
Koha item type
Existencias
Withdrawn status Lost status Damaged status Not for loan Home library Current library Shelving location Date acquired Total checkouts Full call number Barcode Date last seen Price effective from Koha item type
        Biblioteca Prof. Eusebio Cleto del Rey Biblioteca Prof. Eusebio Cleto del Rey   07/04/2026   35.086 I93 L86731 07/04/2026 07/04/2026 Libro
        Biblioteca Prof. Eusebio Cleto del Rey Biblioteca Prof. Eusebio Cleto del Rey   07/04/2026   35.086 I93 L119333 07/04/2026 07/04/2026 Libro
        Biblioteca Prof. Eusebio Cleto del Rey Biblioteca Prof. Eusebio Cleto del Rey   07/04/2026   35.086 I93 L119334 07/04/2026 07/04/2026 Libro
        Biblioteca Prof. Eusebio Cleto del Rey Biblioteca Prof. Eusebio Cleto del Rey   07/04/2026   35.086 I93 L119335 07/04/2026 07/04/2026 Libro
        Biblioteca Prof. Eusebio Cleto del Rey Biblioteca Prof. Eusebio Cleto del Rey   07/04/2026   35.086 I93 L126202 07/04/2026 07/04/2026 Libro
        Biblioteca Prof. Eusebio Cleto del Rey Biblioteca Prof. Eusebio Cleto del Rey   07/04/2026   35.086 I93 L126203 07/04/2026 07/04/2026 Libro
        Biblioteca Prof. Eusebio Cleto del Rey Biblioteca Prof. Eusebio Cleto del Rey   07/04/2026   35.086 I93 L126204 07/04/2026 07/04/2026 Libro